Statystyki dla fnaf quiz

Kliknij tutaj aby rozwiązać quiz!

Ogólne statystyki

  • Ten quiz został rozwiązany 139 razy
  • Średni wynik to 7 z 15

Statystyki odpowiedzi

hintanswer% Poprawnych
goldenfreddy
98%
fnaf 1 bearfreddy
98%
fox-foxy
80%
balloon-balloon boy
64%
moon-moondrop
60%
animatronic without eyebrowsbonnie
57%
murdered 5 childrenafton
56%
girl bon bonbonnet
53%
animatronic LoLlolbit
45%
funtime helper freddybon bon
44%
abbreviation five night's at freddy'sfnaf
24%
Mini Nightmare Freddyfreddles
21%
hard: what is the abbreviation for shadow bonnieRWQFSFASXC
16%
the part where it is vannyfnaf security breach
9%
sunsun animatronic
6%

Rozkład punktacji

Percentyl według liczby udzielonych odpowiedzi

Procent ludzi z każdym wynikiem

Twoja historia wyników

Nie rozwiązałeś tego quizu